Magnetic cooling.

Bibliographic Details
Main Author: Garrett, C. G. B. (Charles Geoffrey Blythe), 1925-
Format: Book
Language:English
Published: Cambridge : Harvard University Press, 1954.
Series:Harvard monographs in applied science ; no. 4.
Subjects:

MARC

Tag First Indicator Second Indicator Subfields
LEADER 00000cam a2200000 4500
001 in00000307376
005 20151010143814.0
008 740626s1954 maua 00000 eng d
010 |a  53010474  
035 |a (OCoLC)00930115 
035 |9 ABH5801AM 
040 |c NED  |d TXA  |d UtOrBLW 
049 |a TXAM  |c 1 [423724]  |c 2 [235940] 
082 0 |a 536.56* 
090 |a QC753  |b .G36 
100 1 |a Garrett, C. G. B.  |q (Charles Geoffrey Blythe),  |d 1925- 
245 1 0 |a Magnetic cooling. 
264 1 |a Cambridge :  |b Harvard University Press,  |c 1954. 
300 |a 110 pages :  |b illustrations ;  |c 22 cm. 
336 |a text  |b txt  |2 rdacontent 
337 |a unmediated  |b n  |2 rdamedia 
338 |a volume  |b nc  |2 rdacarrier 
490 1 |a Harvard monographs in applied science,  |v no. 4 
650 0 |a Magnetism. 
650 0 |a Low temperature research. 
830 0 |a Harvard monographs in applied science ;  |v no. 4. 
999 |a MARS 
999 f f |s dda272c3-c95a-341e-990b-42f1430c230b  |i d38f333d-4785-3d77-86af-3163ff64559f  |t 0 
952 f f |p ric  |a Texas A&M University  |b Rellis Campus  |c Joint Library Facility  |s JLF  |d Remote Storage  |t 0  |e QC753 .G36  |h Library of Congress classification  |i unmediated -- volume  |m A14804644887 
998 f f |a QC753 .G36  |t 0  |l Remote Storage